| 000 | 01608cam a22003854a 4500 | ||
|---|---|---|---|
| 001 | yourpersonalityp00wenn | ||
| 003 | CaSfIA | ||
| 005 | 20210119124945.0 | ||
| 007 | cr|||| | ||
| 008 | 980914s1999 nyua b 001 0 eng | ||
| 010 | _a 98067475 | ||
| 040 |
_aDLC _cDLC _dBTCTA _dBAKER _dYDXCP _dSINLB _dIG# _dCaSfIA |
||
| 020 | _a1575664011 | ||
| 020 | _a9781575664019 | ||
| 035 | _a(OCoLC)41069884 | ||
| 042 | _apcc | ||
| 050 | 0 | 0 |
_aRA776.9 _b.W46 1999 |
| 082 | 0 | 0 |
_a613 _221 |
| 082 | 0 | 4 |
_a155.2 _221 |
| 100 | 1 | _aWennik, Roberta Schwartz. | |
| 245 | 1 | 0 |
_aYour personality prescription : _h[electronic resource] _boptimal health through personality profiling / _cRoberta Schwartz Wennik. |
| 260 |
_aNew York : _bKensington Books, _cc1999. |
||
| 300 |
_ax, 422 p. : _bill. ; _c21 cm. |
||
| 504 | _aIncludes bibliographical references (p. [401]-405) and index. | ||
| 650 | 0 | _aHealth behavior. | |
| 650 | 0 | _aMyers-Briggs Type Indicator. | |
| 856 | 4 | 1 |
_uhttp://www.archive.org/details/yourpersonalityp00wenn _zFree eBook from the Internet Archive |
| 856 | 4 | 2 |
_uhttp://www.openlibrary.org/books/OL8745456M _zAdditional information and access via Open Library |
| 029 | 1 |
_aNZ1 _b5414536 |
|
| 029 | 1 |
_aAU@ _b000021122468 |
|
| 029 | 1 |
_aIG# _b9781575664019 |
|
| 942 | _cEB | ||
| 506 | _fНеобхідна авторизація на https://archive.org/ (створення облікового запису безкоштовно) | ||
| 506 | _fНеобхідна авторизація на https://openlibrary.org/ (створення облікового запису безкоштовно) | ||
| 999 |
_c569716 _d569716 |
||